| 000 | 00454 a2200157 4500 | ||
|---|---|---|---|
| 003 | Nust | ||
| 005 | 20170207164906.0 | ||
| 040 | _cNust | ||
| 082 | _a005.1 | ||
| 100 | _aShahzad,Imran Muhammad BESE-15 | ||
| 245 |
_aE-learning system for science education (Hard / Soft-copy) _cNC Muhammad Imran Shahzad & Syed Faizan Ali |
||
| 260 |
_aRawalpindi _bNUST,MCS _cJune 2013 |
||
| 538 | _aAlmirah No 72 Shelf No 3 | ||
| 650 | _ascience education | ||
| 651 | _aBESE-15 | ||
| 942 | _cTHS | ||
| 999 |
_c210233 _d210233 |
||